[Event "St Veit op 42nd"]
[Site "St Veit"]
[Date "2023.07.15"]
[Round "9"]
[White "Schippel, Gert"]
[Black "Rohfleisch, Daniel"]
[Result "0-1"]
[WhiteElo "2060"]
[BlackElo "1915"]
[PlyCount "76"]
[EventDate "2023.07.08"]
[EventType "swiss"]
[EventRounds "9"]
[EventCountry "AUT"]
[SourceTitle "CBM 215 Extra"]
[Source "ChessBase"]
[SourceDate "2023.09.30"]
[SourceVersion "1"]
[SourceVersionDate "2023.09.30"]
[SourceQuality "1"]

1. Nf3 d5 2. d4 Nf6 3. c4 c6 4. Qc2 dxc4 5. Qxc4 Bf5 6. g3 e6 7. Bg2 Be7 8. 0-0 0-0 9. e3 Nbd7 10. Nc3 Ne4 11. Nd2 Nb6 12. Qe2 Nxc3 13. bxc3 Na4 14. Qc4 Qa5 15. Qb3 Bd3 16. Re1 Nxc3 17. Bb2 Na4 18. Qxd3 Nxb2 19. Qc2 Na4 20. Nc4 Qa6 21. Bf1 b5 22. Ne5 Rfc8 23. Rec1 c5 24. Rab1 cxd4 25. Qb3 Nc3 26. Ra1 Qd6 27. exd4 Qxd4 28. Nf3 Qf6 29. Rxc3 Qxc3 30. Qxc3 Rxc3 31. Bxb5 Rb8 32. Be2 Rb2 33. Kf1 Rcc2 34. Ng1 Rxa2 35. Rb1 g6 36. Rb3 Rc1+ 37. Kg2 Rxg1+ 38. Kxg1 Rxe2 0-1

[Event "St Veit op 42nd"]
[Site "St Veit"]
[Date "2023.07.10"]
[Round "4"]
[White "Warzycha, Gerwin"]
[Black "Schippel, Gert"]
[Result "1/2-1/2"]
[WhiteElo "1737"]
[BlackElo "2060"]
[PlyCount "110"]
[EventDate "2023.07.08"]
[EventType "swiss"]
[EventRounds "9"]
[EventCountry "AUT"]
[SourceTitle "CBM 215 Extra"]
[Source "ChessBase"]
[SourceDate "2023.09.30"]
[SourceVersion "1"]
[SourceVersionDate "2023.09.30"]
[SourceQuality "1"]

1. e4 c5 2. Nf3 e6 3. d4 cxd4 4. Nxd4 Nc6 5. Nc3 Qc7 6. Be3 a6 7. Qd2 Nxd4 8. Qxd4 b5 9. 0-0-0 Rb8 10. Kb1 Ne7 11. Qd2 Ng6 12. h4 Bb7 13. Bxb5 axb5 14. Nxb5 Qc8 15. Na7 Qd8 16. Bb6 Qe7 17. Nb5 d6 18. Qa5 Qd7 19. Bc7 Ra8 20. Qb6 Qc6 21. Nxd6+ Bxd6 22. Qxc6+ Bxc6 23. Bxd6 Bxe4 24. f3 Bd5 25. b3 Ne7 26. c4 Bc6 27. Rd3 Nf5 28. Bc5 f6 29. g4 Ne7 30. b4 Rd8 31. Re3 e5 32. Rf1 Kf7 33. f4 e4 34. Kc2 Ra8 35. a3 Rhd8 36. b5 Bb7 37. Bb4 Rac8 38. Kb3 Rd4 39. Rc1 Nd5 40. Rg3 Nxf4 41. Rc2 g6 42. a4 Nd3 43. a5 Nxb4 44. Kxb4 Bd5 45. Rgc3 f5 46. gxf5 gxf5 47. a6 f4 48. b6 Bc6 49. Rf2 f3 50. b7 Bxb7 51. axb7 Rb8 52. Kc5 Rd7 53. Re3 Re7 54. Kd4 Rd8+ 55. Kc3 Rb8 1/2-1/2

[Event "St Veit op 41st"]
[Site "St Veit"]
[Date "2022.07.10"]
[Round "3"]
[White "Bajorski, Marius"]
[Black "Schippel, Gert"]
[Result "1-0"]
[WhiteElo "1870"]
[BlackElo "2106"]
[PlyCount "63"]
[EventDate "2022.07.09"]
[EventType "swiss"]
[EventRounds "9"]
[EventCountry "AUT"]
[SourceTitle "CBM 209 Extra"]
[Source "ChessBase"]
[SourceDate "2022.09.30"]
[SourceVersion "1"]
[SourceVersionDate "2022.09.30"]
[SourceQuality "1"]

1. e4 c5 2. Nf3 e6 3. b3 a6 4. Bb2 Nc6 5. g3 Nf6 6. e5 Ng4 7. h3 Nh6 8. g4 f6 9. exf6 gxf6 10. g5 Ng8 11. Rg1 Bg7 12. d3 Qe7 13. Nc3 b5 14. Qe2 Bb7 15. Ne4 fxg5 16. Nd6+ Kf8 17. Bxg7+ Qxg7 18. 0-0-0 Rb8 19. Kb1 h6 20. Qe3 Nd4 21. Nxb7 Qf6 22. Nxc5 Qxf3 23. Bg2 Qxe3 24. fxe3 Ne2 25. Nxd7+ Ke7 26. Nxb8 Nf6 27. Nxa6 Nd5 28. Bxd5 exd5 29. Rgf1 Nc3+ 30. Kc1 Nxd1 31. Kxd1 Ra8 32. Nb4 1-0

[Event "St Veit op"]
[Site "St Veit"]
[Date "2008.07.10"]
[Round "6"]
[White "Schippel, Gert"]
[Black "Praxmarer, Christian"]
[Result "0-1"]
[WhiteElo "2083"]
[BlackElo "2057"]
[PlyCount "56"]
[EventDate "2008.07.05"]
[EventType "swiss"]
[EventRounds "9"]
[EventCountry "AUT"]
[SourceTitle "CBM 125 Extra"]
[Source "ChessBase"]
[SourceDate "2008.09.01"]
[SourceVersion "1"]
[SourceVersionDate "2008.09.01"]
[SourceQuality "1"]

1. Nf3 Nf6 2. c4 b6 3. g3 Bb7 4. Bg2 e6 5. 0-0 Be7 6. Nc3 Ne4 7. Nxe4 Bxe4 8. d3 Bb7 9. e4 d6 10. Re1 Nd7 11. d4 e5 12. d5 0-0 13. Qc2 a5 14. b3 Nc5 15. Be3 Bc8 16. a3 f5 17. Nd2 Bg5 18. Bxc5 bxc5 19. b4 axb4 20. axb4 Rxa1 21. Rxa1 cxb4 22. Rb1 Qf6 23. Rxb4 f4 24. Nf3 Bg4 25. Nxg5 Qxg5 26. f3 fxg3 27. fxg4 Qe3+ 28. Kh1 Qe1+ 0-1

[Event "St Veit op"]
[Site "St Veit"]
[Date "2008.07.07"]
[Round "3"]
[White "Mazi, Leon"]
[Black "Schippel, Gert"]
[Result "1-0"]
[WhiteElo "2350"]
[BlackElo "2083"]
[PlyCount "83"]
[EventDate "2008.07.05"]
[EventType "swiss"]
[EventRounds "9"]
[EventCountry "AUT"]
[SourceTitle "CBM 125 Extra"]
[Source "ChessBase"]
[SourceDate "2008.09.01"]
[SourceVersion "1"]
[SourceVersionDate "2008.09.01"]
[SourceQuality "1"]

1. e4 c5 2. Nf3 e6 3. d4 cxd4 4. Nxd4 Nf6 5. Bd3 d6 6. c4 Be7 7. Nc3 0-0 8. 0-0 Nc6 9. Nc2 b6 10. Re1 Bb7 11. b3 Qd7 12. Bb2 Rfd8 13. Rc1 Bf8 14. Ne3 Nb4 15. Bb1 d5 16. exd5 exd5 17. Bf5 Qd6 18. Nb5 Qf4 19. Bxf6 gxf6 20. a3 d4 21. Qh5 Bh6 22. Ng4 Kg7 23. Nxh6 Qxh6 24. Qxh6+ Kxh6 25. axb4 d3 26. Re3 d2 27. Rd1 Kg5 28. Bd3 Rd7 29. Kf1 Rad8 30. Rxd2 f5 31. g3 Be4 32. Ke2 h5 33. Nc3 Bg2 34. Re5 Bh3 35. Nd5 f6 36. f4+ Kg6 37. Re6 Bg4+ 38. Ke3 Kf7 39. Rxf6+ Kg7 40. Re6 Kf7 41. Re5 Kg6 42. Bf1 1-0

[Event "Jacques Lemans op 20th"]
[Site "St Veit"]
[Date "2001.07.??"]
[Round "?"]
[White "Hebesberger, Thomas"]
[Black "Schippel, Gert"]
[Result "1-0"]
[WhiteElo "2232"]
[BlackElo "2037"]
[PlyCount "53"]
[EventDate "2001.07.07"]
[EventType "swiss"]
[EventRounds "9"]
[EventCountry "AUT"]
[SourceTitle "EXT 2004"]
[Source "ChessBase"]
[SourceDate "2003.11.25"]
[SourceVersion "1"]
[SourceVersionDate "2003.11.25"]
[SourceQuality "1"]

1. c4 Nf6 2. g3 c6 3. Bg2 d5 4. Nf3 dxc4 5. Na3 b5 6. b3 cxb3 7. Qxb3 a6 8. Bb2 Bb7 9. Ne5 e6 10. Rc1 Qb6 11. 0-0 c5 12. Nec4 Qa7 13. Nxb5 axb5 14. Qxb5+ Nbd7 15. Qxb7 Qxb7 16. Bxb7 Rxa2 17. Bc6 Kd8 18. Ra1 Rxa1 19. Rxa1 Kc7 20. Bf3 Ne8 21. Ra7+ Kd8 22. Bc6 Nef6 23. Ne5 Nxe5 24. Bxe5 h5 25. e4 Ng4 26. Ra8+ Ke7 27. Re8# 1-0